nouveaux programmes capes - Statistiques

Statistiques générales
  • Ce quiz a été pris 5 fois
  • Le résultat moyen est 14 sur 41
Statistiques - réponses
Niveau Thématique/Notion/Axe % Correct
Terminale Espace privé et espace public
100%
Fictions et réalités
100%
Art et pouvoir
67%
Citoyenneté et mondes virtuels
67%
Créer et recréer
67%
Défis et transitions
67%
Diversité et inclusion
67%
Enjeux et formes de la communication
67%
Innovations scientifiques et responsabilité
67%
La richesse des métissages dans le monde hispanique
67%
Le passé dans le présent
67%
L'Espagne au-delà des clichés
67%
Territoire et mémoire
67%
Vivre entre générations
67%
Première Identités et échanges
33%
L'Andalousie, terre de merveilles
33%
Langages et médias
33%
Le Mexique : partons à la découverte de ce pays fascinant !
33%
L'espace andin, la colonne vertébrale de l'Amérique du Sud
33%
L'être humain et la nature
33%
Cycle 3 (6e) Personne et personnage
33%
Cycle 4 5e Portrait, autoportrait
33%
Cycle terminal Seconde Représentation de soi et rapport à autrui
33%
4e Sport et société
33%
Villes, villages, quartiers
33%
Voyages et exploration
33%
1492, l'année "admirable" ?
0%
3e A la rencontre de l'autre
0%
Arts et expression des sentiments
0%
Des langues, des lieux, des histoires
0%
École et loisirs
0%
Formes de l'engagement
0%
Imaginaire, contes et légendes
0%
Inventer, innover, créer
0%
Langages et messages artistiques
0%
Le quotidien : lieux, rythmes, saisons
0%
Le quotidien : vivre, jouer, apprendre
0%
Le réel et l'imaginaire
0%
Pays et paysages
0%
Travailler hier, aujourd'hui, demain
0%
Voyages et migrations
0%
Aucun quiz correspondant
Distribution des résultats
% des personnes avec chaque résultat
Percentile par nombre de réponses
Votre historique - résultats
Vous n’avez pas pris ce quiz